000 00479nam a2200169Ia 4500
008 240729s9999 xx 000 0 und d
022 _a2515-690X
245 0 _aJournal of Evidence-Based Integrative Medicine
260 _aUnited States
260 _bSAGE Publishing
650 _a Homeopathy
650 _a Other systems of medicine | Medicine
650 _aMedicine
856 _uhttps://doaj.org/toc/c0149b0fa1b34118ac65e598ffcad0ab
942 _2ddc
942 _cDOAJEJ
999 _c67664
_d67664
945 _a1
_bMadushi Gamage
_c1
_dMadushi Gamage